000 01157cab a2200265 4500
001 ABS45359
008 090401t1991 xxu||||| |||| 00| 0 eng d
035 _a(Sirsi) u52520
041 _aeng
100 _aWiltshaw, D.G.
245 _aEconometrics, linear programming and valuation
260 _c1991
350 _a0
490 _aJournal of Property Research
_v8(2) Summer 1991, 123-132(6)
520 _aThe reality of limited data ensures that both econometric-based valuation and forecasting are inadvisable. A linear programming approach involves some redefinition of the problem, the valuation, the forecast, optimality and the relevance of particular comparable sales. It can incorporate qualitative and interactive property characteristics. The whole analysis should be presented so that data, methodology and client advice are explicitly stated. References. (Journal abstract)
650 _aCOMPARABLES
650 _aECONOMETRICS
650 _aFORECASTING
650 _aLINEAR PROGRAMMING
650 _aTRANSPARENT ANALYSIS
650 _aVALUATION METHODS
690 _aRATING AND VALUATION
942 _n0
948 _c04/03/1997
999 _c32515
_d32515